El mejor regalo de Dios: el sacramento de la reconciliaci贸n. (Record no. 1175)

MARC details
000 -LEADER
campo de control de longitud fija 00311nam a2200109Ia 4500
005 - FECHA Y HORA DE LA 脷LTIMA TRANSACCI脫N
campo de control 20251222114349.0
008 - DATOS DE LONGITUD FIJA--INFORMACI脫N GENERAL
campo de control de longitud fija 251222s1900||||xx |||||||||||||| ||spa||
082 ## - N脷MERO DE LA CLASIFICACI脫N DECIMAL DEWEY
N煤mero de clasificaci贸n DVD0092/S25J/2006/Ej.2
245 #0 - MENCI脫N DEL T脥TULO
T铆tulo El mejor regalo de Dios: el sacramento de la reconciliaci贸n.
264 ## - PRODUCCI脫N, PUBLICACI脫N, DISTRIBUCI脫N, FABRICACI脫N Y COPYRIGHT
Nombre del de productor, editor, distribuidor, fabricante Castillejo, Christian
942 ## - ELEMENTOS DE ENTRADA SECUNDARIOS (KOHA)
Tipo de 铆tem Koha Material audiovisual
Holdings
Estatus retirado Estado de p茅rdida Estado de da帽o No para pr茅stamo Biblioteca de origen Biblioteca actual Ubicaci贸n en estanter铆a Fecha de adquisici贸n Total de pr茅stamos Signatura topogr谩fica completa C贸digo de barras Visto por 煤ltima vez Precio de reemplazo Tipo de 铆tem Koha
        Biblioteca Central Biblioteca Central Programa 22/12/2025   DVD0092/S25J/2006/Ej.2 0011794 22/12/2025 22/12/2025 Material audiovisual